| 000 | 00836nam a22002057a 4500 | ||
|---|---|---|---|
| 003 | OSt | ||
| 005 | 20250212083145.0 | ||
| 008 | 241003b |||||||| |||| 00| 0 eng d | ||
| 040 | _c0 | ||
| 100 |
_aAbatayo, Pearl Hayna C. _eauthor. _962145 |
||
| 245 |
_aVehicles owners' preferences in selecting a gasoline station in Digos City / _cPearl Hayna C. Abatayo, Mhay B. Cababat, Al-Harris T. Diron, and Melody A. Malnegro. |
||
| 260 |
_aPhilippines ; _bUniversity of Mindanao, _c2021. |
||
| 300 |
_avolume 13, pages 167-185, _billustration. |
||
| 500 | _aResearch Journal, v. 13, iss. 1, pages 167-185, 2021. | ||
| 700 |
_aAbatayo, Pearl Hayna C. _eauthor. _962145 |
||
| 700 |
_aCababat, Mhay B. _eauthor. _964621 |
||
| 700 |
_aDiron , Al-Harris T. _eauthor. _964622 |
||
| 700 |
_aMalnegro, Melody A. _eauthor. _964623 |
||
| 942 |
_2ddc _cPER |
||
| 999 |
_c22163 _d22163 |
||